Catálogo

When species meet / (Registro nro. 62446)

Detalles MARC
000 -LEADER
fixed length control field 00657nam a2200205 u 4500
001 - CONTROL NUMBER
control field 62446
005 - DATE AND TIME OF LATEST TRANSACTION
control field 20180714064454.0
008 - FIXED-LENGTH DATA ELEMENTS--GENERAL INFORMATION
fixed length control field 150423s2009 xxua r 000 0 spa d
020 ## - INTERNATIONAL STANDARD BOOK NUMBER
International Standard Book Number 978-0-8166-5046-0
082 0# - DEWEY DECIMAL CLASSIFICATION NUMBER
Classification number 179.3
Item number HAR
100 1# - MAIN ENTRY--PERSONAL NAME
Personal name Haraway, Donna
Relator term autor
245 10 - TITLE STATEMENT
Title When species meet /
Statement of responsibility, etc. Donna Haraway.
264 #1 - PRODUCTION, PUBLICATION, DISTRIBUTION, MANUFACTURE, AND COPYRIGHT NOTICE
Place of production, publication, distribution, manufacture Estados Unidos de América :
Name of producer, publisher, distributor, manufacturer University of Minesota Press ;
Date of production, publication, distribution, manufacture, or copyright notice 2008
300 ## - PHYSICAL DESCRIPTION
Extent x, 423 páginas :
Other physical details ilustraciones ;
Dimensions 23 cm.
336 ## - CONTENT TYPE
Content type term texto
Source rdacontent
337 ## - MEDIA TYPE
Media type term sin mediación
Source rdamedia
338 ## - CARRIER TYPE
Carrier type term volumen
Source rdacarrier
490 0# - SERIES STATEMENT
Series statement Posthumanities
Volume/sequential designation 3
650 #0 - SUBJECT ADDED ENTRY--TOPICAL TERM
Topical term or geographic name entry element Interacción Hombre-Animal
Existencias
Withdrawn status Lost status Source of classification or shelving scheme Damaged status Not for loan Collection code Home library Current library Shelving location Date acquired Source of acquisition Inventory number Total Checkouts Full call number Barcode Date last seen Price effective from Koha item type
    Dewey Decimal Classification     General Centro de Estudios en Ciencia y Religión Centro de Estudios en Ciencia y Religión Sala general 23/04/2015 Compra 151000000000000000077850   179.3 HAR 2008 86319 05/01/2026 20/11/2015 Libro